<?xml version="1.0" encoding="UTF-8"?>
<record
    xmlns:xsi="http://www.w3.org/2001/XMLSchema-instance"
    xsi:schemaLocation="http://www.loc.gov/MARC21/slim http://www.loc.gov/standards/marcxml/schema/MARC21slim.xsd"
    xmlns="http://www.loc.gov/MARC21/slim">

  <leader>01032nam a2200253 a 4500</leader>
  <controlfield tag="001">6039</controlfield>
  <controlfield tag="003">BD RJUL</controlfield>
  <controlfield tag="005">20211208234155.0</controlfield>
  <controlfield tag="008">080114s1950    nyuab         000 0ceng</controlfield>
  <datafield tag="035" ind1=" " ind2=" ">
    <subfield code="a">BD RJUL 6078</subfield>
  </datafield>
  <datafield tag="040" ind1=" " ind2=" ">
    <subfield code="a">DLC</subfield>
    <subfield code="c">ORL</subfield>
    <subfield code="d">OCL</subfield>
    <subfield code="d">SER</subfield>
    <subfield code="d">BD RJUL </subfield>
    <subfield code="b">eng</subfield>
  </datafield>
  <datafield tag="041" ind1=" " ind2=" ">
    <subfield code="a">eng</subfield>
  </datafield>
  <datafield tag="082" ind1=" " ind2=" ">
    <subfield code="a">973.525</subfield>
    <subfield code="b">PRP 1950</subfield>
  </datafield>
  <datafield tag="100" ind1="1" ind2=" ">
    <subfield code="a">Pratt, Fletcher,</subfield>
    <subfield code="d">1897-1956.</subfield>
    <subfield code="9">18987</subfield>
  </datafield>
  <datafield tag="245" ind1="1" ind2="0">
    <subfield code="a">Preble's boys :</subfield>
    <subfield code="b">Commodore Preble and the birth of American sea power /</subfield>
    <subfield code="c">Fletcher Pratt.</subfield>
  </datafield>
  <datafield tag="260" ind1=" " ind2=" ">
    <subfield code="a">New York :</subfield>
    <subfield code="b">Sloane,</subfield>
    <subfield code="c">1950</subfield>
  </datafield>
  <datafield tag="300" ind1=" " ind2=" ">
    <subfield code="a">419 p.:</subfield>
    <subfield code="b">illus., map.</subfield>
    <subfield code="c">22 cm.</subfield>
  </datafield>
  <datafield tag="505" ind1="0" ind2=" ">
    <subfield code="a">Isaac Hull.--Jacob Jones.--Stephen Decatur.--William Bainbridge.--James Lawrence.--Isaac Chauncey.--David Porter.--William Burrows.--Johnston Blakely.--Lewis Warrington.--James Biddle.--Charles Stewart.--Thomas Macdonough.--Stephen Cassin.--Daniel Todd Patterson.</subfield>
  </datafield>
  <datafield tag="600" ind1="1" ind2="0">
    <subfield code="a">Preble, Edward,</subfield>
    <subfield code="d">1761-1807.</subfield>
    <subfield code="9">148200</subfield>
  </datafield>
  <datafield tag="610" ind1="1" ind2="0">
    <subfield code="a">United States.</subfield>
    <subfield code="b">Navy</subfield>
    <subfield code="9">148201</subfield>
  </datafield>
  <datafield tag="651" ind1=" " ind2="0">
    <subfield code="a">United States</subfield>
    <subfield code="x">History, Naval.</subfield>
    <subfield code="9">18990</subfield>
  </datafield>
  <datafield tag="942" ind1=" " ind2=" ">
    <subfield code="2">ddc</subfield>
    <subfield code="c">BK</subfield>
  </datafield>
  <datafield tag="999" ind1=" " ind2=" ">
    <subfield code="c">6039</subfield>
    <subfield code="d">6039</subfield>
  </datafield>
  <datafield tag="952" ind1=" " ind2=" ">
    <subfield code="0">0</subfield>
    <subfield code="1">0</subfield>
    <subfield code="2">ddc</subfield>
    <subfield code="4">0</subfield>
    <subfield code="7">0</subfield>
    <subfield code="8">NFIC</subfield>
    <subfield code="a">RUCL</subfield>
    <subfield code="b">RUCL</subfield>
    <subfield code="c">stack</subfield>
    <subfield code="d">1958-02-25</subfield>
    <subfield code="e">U. S. I. S. dacca</subfield>
    <subfield code="l">0</subfield>
    <subfield code="o">973.525 PRP 1950</subfield>
    <subfield code="r">2014-01-08 00:00:00</subfield>
    <subfield code="t">C-2</subfield>
    <subfield code="w">2014-01-08</subfield>
    <subfield code="y">BK</subfield>
  </datafield>
  <datafield tag="952" ind1=" " ind2=" ">
    <subfield code="0">0</subfield>
    <subfield code="1">0</subfield>
    <subfield code="2">ddc</subfield>
    <subfield code="4">0</subfield>
    <subfield code="7">1</subfield>
    <subfield code="8">NFIC</subfield>
    <subfield code="a">RUCL</subfield>
    <subfield code="b">RUCL</subfield>
    <subfield code="c">Reading</subfield>
    <subfield code="d">1958-02-22</subfield>
    <subfield code="e">U.S.I.S Dacca</subfield>
    <subfield code="l">0</subfield>
    <subfield code="o">973.525 PRP 1950</subfield>
    <subfield code="r">2016-08-20 00:00:00</subfield>
    <subfield code="t">C-1</subfield>
    <subfield code="w">2021-12-08</subfield>
    <subfield code="y">BK</subfield>
  </datafield>
  <datafield tag="952" ind1=" " ind2=" ">
    <subfield code="0">0</subfield>
    <subfield code="1">0</subfield>
    <subfield code="2">ddc</subfield>
    <subfield code="4">0</subfield>
    <subfield code="7">0</subfield>
    <subfield code="8">NFIC</subfield>
    <subfield code="a">RUCL</subfield>
    <subfield code="b">RUCL</subfield>
    <subfield code="c">Stack</subfield>
    <subfield code="d">1958-02-25</subfield>
    <subfield code="e">U.S.I.S Dacca</subfield>
    <subfield code="l">0</subfield>
    <subfield code="o">973.525 PRP 1950</subfield>
    <subfield code="r">2016-08-20 00:00:00</subfield>
    <subfield code="t">C-3</subfield>
    <subfield code="w">2016-08-20</subfield>
    <subfield code="y">BK</subfield>
  </datafield>
</record>
